Les communes du Morbihan sur le littoral - Statistiques

Statistiques générales
  • Ce quiz a été pris 162 fois
  • Le résultat moyen est 24 sur 42
Réponses sur la Carte
Les réponses sont colorées sur une échelle allant du rouge au vert en fonction du pourcentage des utilisateurs qui les ont devinées à leur premier essai. Vous pouvez retrouver ces pourcentages ci-dessous.
 
Statistiques - réponses
Communes % Correct
Quiberon
95%
Lorient
93%
Vannes
92%
Sarzeau
82%
Auray
81%
Carnac
77%
Larmor-Plage
71%
Saint-Pierre-Quiberon
71%
Lanester
70%
Ploemeur
67%
Étel
66%
Séné
65%
La Trinité-sur-Mer
64%
Port-Louis
64%
Erdeven
61%
Guidel
60%
Gâvres
58%
Locmariaquer
58%
Arradon
57%
Arzon
57%
Crach
56%
Larmor-Baden
56%
Belz
54%
Saint-Gildas-de-Rhuys
54%
Plouharnel
53%
Plouhinec
53%
Locmiquélic
51%
Baden
50%
Kervignac
50%
Riantec
49%
Le Bono
47%
Pénéstin
45%
Saint-Philibert
45%
Damgan
44%
Muzillac
44%
Locoal-Mendon
40%
Pluneret
36%
Sainte-Hélène
34%
Ambon
32%
Saint-Armel
32%
Le Tour-du-Parc
31%
Billiers
28%
Aucun quiz correspondant
Distribution des résultats
% des personnes avec chaque résultat
Percentile par nombre de réponses
Votre historique - résultats
Vous n’avez pas pris ce quiz